[Event "XIX Najdorf Memorial 2019"]
[Site "Warsaw"]
[Date "2019.07.08"]
[Round "3.28"]
[White "Franco Alonso, Alejandro"]
[Black "Dzida, Kamil"]
[Result "0-1"]
[WhiteElo "2410"]
[BlackElo "1987"]
[Annotator "NA"]
[PlyCount "80"]
[EventDate "2019.07.06"]
[EventType "swiss"]
[EventCountry "POL"]
[SourceTitle "playchess.com"]
[Source "ChessBase"]
[SourceQuality "1"]
[TimeControl "40/5400+30:1800+30"]

1. Nf3 {[%emt 0:00:00]} Nf6 {[%emt 0:00:00]} 2. c4 {[%emt 0:00:00]} e6 {[%emt 0:00:00]} 3. g3 {[%emt 0:00:00]} d5 {[%emt 0:00:00]} 4. Bg2 {[%emt 0:00:07]} Be7 {[%emt 0:00:00]} 5. O-O {[%emt 0:00:14]} O-O {[%emt 0:00:03]} 6. d4 {[%emt 0:02:46]} dxc4 {[%emt 0:00:16]} 7. Qc2 {[%emt 0:00:22]} a6 {[%emt 0:00:07]} 8. a4 {[%emt 0:02:40]} Bd7 {[%emt 0:00:07]} 9. Qxc4 {[%emt 0:00:32]} Bc6 {[%emt 0:00:07]} 10. Nc3 {[%emt 0:00:43]} a5 {[%emt 0:01:06]} 11. Bg5 {[%emt 0:02:30]} Na6 {[%emt 0:00:11]} 12. Rfd1 {[%emt 0:05:02]} Nb4 {[%emt 0:05:20]} 13. Rac1 {[%emt 0:01:42]} Rc8 {[%emt 0:13:10]} 14. Bxf6 {[%emt 0:09:02]} Bxf6 {[%emt 0:00:09]} 15. e4 {[%emt 0:00:10]} Qe8 {[%emt 0:05:34]} 16. b3 {[%emt 0:01:42]} b6 {[%emt 0:02:34]} 17. Qe2 {[%emt 0:12:01]} Bb7 {[%emt 0:07:23]} 18. Qe1 {[%emt 0:10:24]} Qd7 {[%emt 0:16:26]} 19. Bh3 {[%emt 0:03:10]} Qe7 {[%emt 0:01:10]} 20. d5 {[%emt 0:06:54]} Bxc3 {[%emt 0:01:50]} 21. Rxc3 {[%emt 0:00:20]} Rcd8 {[%emt 0:01:25]} 22. dxe6 {[%emt 0:12:29]} Rxd1 {[%emt 0:01:44]} 23. Qxd1 {[%emt 0:03:20]} fxe6 {[%emt 0:00:53]} 24. Qd4 {[%emt 0:02:02]} c5 {[%emt 0:14:12]} 25. Qe5 {[%emt 0:00:40]} Qd8 {[%emt 0:00:09]} 26. Bxe6+ {[%emt 0:11:30]} Kh8 {[%emt 0:00:04]} 27. Ng5 {[%emt 0:02:04]} Ba6 {[%emt 0:01:57]} 28. Bd5 {[%emt 0:01:42]} Nc6 {[%emt 0:03:16]} 29. Qxg7+ {[%emt 0:04:31]} Kxg7 {[%emt 0:00:44]} 30. Ne6+ {[%emt 0:00:04]} Kf6 {[%emt 0:03:52]} 31. Nxd8 {[%emt 0:00:06]} Nxd8 {[%emt 0:00:02]} 32. f4 {[%emt 0:00:34]} Ne6 {[%emt 0:00:22]} 33. Kf2 {[%emt 0:01:11]} Rd8 {[%emt 0:02:29]} 34. Ke3 {[%emt 0:01:10]} Nc7 {[%emt 0:01:42]} 35. Bc4 {[%emt 0:03:07]} Bb7 {[%emt 0:02:47]} 36. g4 {[%emt 0:02:23]} Rd4 {[%emt 0:01:15]} 37. Bd3 {[%emt 0:00:05]} Na6 {[%emt 0:04:18]} 38. e5+ {[%emt 0:01:02]} Ke6 {[%emt 0:00:04]} 39. Bxh7 {[%emt 0:00:24]} Nb4 {[%emt 0:00:04]} 40. Rc4 {[%emt 0:00:00]} Nd5+ {[%emt 0:00:00] Kxd4 Kxe5+} 0-1

[Event "XIX Najdorf Memorial 2019"]
[Site "Warsaw"]
[Date "2019.07.08"]
[Round "3.29"]
[White "Maj, Pawel"]
[Black "Krstulovic, Alex"]
[Result "1-0"]
[WhiteElo "2127"]
[BlackElo "2360"]
[Annotator "NA"]
[PlyCount "124"]
[EventDate "2019.07.06"]
[EventType "swiss"]
[EventCountry "POL"]
[SourceTitle "playchess.com"]
[Source "ChessBase"]
[SourceQuality "1"]
[TimeControl "40/5400+30:1800+30"]

1. e4 {[%emt 0:00:00]} e5 {[%emt 0:00:00]} 2. Nf3 {[%emt 0:00:00]} Nc6 {[%emt 0:00:00]} 3. Bb5 {[%emt 0:00:00]} a6 {[%emt 0:00:00]} 4. Ba4 {[%emt 0:00:00]} Nf6 {[%emt 0:00:00]} 5. O-O {[%emt 0:00:00]} Be7 {[%emt 0:00:03]} 6. Re1 {[%emt 0:00:08]} b5 {[%emt 0:00:06]} 7. Bb3 {[%emt 0:00:04]} d6 {[%emt 0:00:07]} 8. c3 {[%emt 0:00:09]} O-O {[%emt 0:00:14]} 9. h3 {[%emt 0:00:07]} Na5 {[%emt 0:00:06]} 10. Bc2 {[%emt 0:00:06]} c5 {[%emt 0:00:05]} 11. d4 {[%emt 0:00:08]} Qc7 {[%emt 0:00:09]} 12. Nbd2 {[%emt 0:00:36]} cxd4 {[%emt 0:00:16]} 13. cxd4 {[%emt 0:00:08]} Nc6 {[%emt 0:00:04]} 14. a3 {[%emt 0:06:35]} Nxd4 {[%emt 0:14:53]} 15. Nxd4 {[%emt 0:01:09]} exd4 {[%emt 0:00:12]} 16. Nf3 {[%emt 0:05:05]} d3 {[%emt 0:00:08]} 17. Bxd3 {[%emt 0:02:20]} Bb7 {[%emt 0:03:39]} 18. Bf4 {[%emt 0:05:58]} Nd7 {[%emt 0:02:49]} 19. Rc1 {[%emt 0:02:10]} Qb8 {[%emt 0:02:29]} 20. Nd4 {[%emt 0:13:51]} Ne5 {[%emt 0:04:30]} 21. Bxe5 {[%emt 0:13:11]} dxe5 {[%emt 0:00:07]} 22. Nc6 {[%emt 0:00:24]} Qd6 {[%emt 0:01:26]} 23. Na5 {[%emt 0:04:43]} Bc8 {[%emt 0:03:33]} 24. Be2 {[%emt 0:04:21]} Qb6 {[%emt 0:02:23]} 25. b4 {[%emt 0:02:34]} Bh4 {[%emt 0:03:31]} 26. Rc5 {[%emt 0:01:21]} Rd8 {[%emt 0:01:31]} 27. Qb3 {[%emt 0:04:04]} Be6 {[%emt 0:04:46]} 28. Qc3 {[%emt 0:05:37]} Rac8 {[%emt 0:02:59]} 29. Rc1 {[%emt 0:06:13]} Be7 {[%emt 0:04:03]} 30. Rc6 {[%emt 0:06:26]} Qd4 {[%emt 0:12:39]} 31. Qxd4 {[%emt 0:01:20]} exd4 {[%emt 0:02:26]} 32. Rxc8 {[%emt 0:01:56]} Rxc8 {[%emt 0:00:05]} 33. Rxc8+ {[%emt 0:00:13]} Bxc8 {[%emt 0:00:01]} 34. Nc6 {[%emt 0:01:12]} Bf8 {[%emt 0:00:56]} 35. Nxd4 {[%emt 0:01:18]} g5 {[%emt 0:02:17]} 36. Nb3 {[%emt 0:03:13]} Bg7 {[%emt 0:01:27]} 37. Nc5 {[%emt 0:00:47]} Bd4 {[%emt 0:00:10]} 38. Bg4 {[%emt 0:06:34]} Bxg4 {[%emt 0:03:47]} 39. hxg4 {[%emt 0:02:39]} Bb2 40. Nxa6 Bxa3 {[%emt 0:02:38]} 41. Kf1 {[%emt 0:00:58]} Kg7 {[%emt 0:16:59]} 42. Ke2 {[%emt 0:06:18]} Kf6 {[%emt 0:00:44]} 43. Kd3 {[%emt 0:01:13]} Ke5 {[%emt 0:00:01]} 44. g3 {[%emt 0:02:14]} Bb2 {[%emt 0:02:06]} 45. Nc7 {[%emt 0:04:27]} Ba3 {[%emt 0:00:06]} 46. Nd5 {[%emt 0:02:20]} Bb2 {[%emt 0:00:27]} 47. f3 {[%emt 0:01:01]} Kd6 {[%emt 0:02:58]} 48. f4 {[%emt 0:02:01]} h6 {[%emt 0:01:31]} 49. Ne3 {[%emt 0:01:15]} Ba3 {[%emt 0:01:20]} 50. Nf5+ {[%emt 0:01:08]} Ke6 {[%emt 0:02:20]} 51. Nd4+ {[%emt 0:01:23]} Kf6 {[%emt 0:01:04]} 52. e5+ {[%emt 0:00:24]} Kg7 {[%emt 0:00:04]} 53. Kc3 {[%emt 0:00:26]} gxf4 {[%emt 0:00:50]} 54. gxf4 {[%emt 0:00:06]} Bc1 {[%emt 0:00:08]} 55. f5 {[%emt 0:01:24]} Bf4 {[%emt 0:01:20]} 56. e6 {[%emt 0:00:59]} Kf6 {[%emt 0:00:02]} 57. exf7 {[%emt 0:00:40]} Kxf7 {[%emt 0:00:02]} 58. Nxb5 {[%emt 0:00:45]} Kf6 {[%emt 0:00:06]} 59. Nd4 {[%emt 0:00:30]} Be5 {[%emt 0:00:05]} 60. Kd3 {[%emt 0:00:13]} Bd6 {[%emt 0:00:30]} 61. b5 {[%emt 0:02:03]} Kg5 {[%emt 0:00:04]} 62. Ke4 {[%emt 0:00:12]} Kxg4 {[%emt 0:00:06]} 1-0

[Event "XIX Najdorf Memorial 2019"]
[Site "Warsaw"]
[Date "2019.07.08"]
[Round "3.30"]
[White "Marczuk, Dominik"]
[Black "Suliborski, Jakub"]
[Result "1-0"]
[WhiteElo "2300"]
[BlackElo "2131"]
[Annotator "TA"]
[PlyCount "119"]
[EventDate "2019.07.06"]
[EventType "swiss"]
[EventCountry "POL"]
[SourceTitle "playchess.com"]
[Source "ChessBase"]
[SourceQuality "1"]

{[%evp 16,119,37,37,63,35,50,45,62,36,87,16,26,45,81,86,76,43,169,66,60,66,65,78,66,77,102,90,84,81,125,125,128,66,85,61,112,118,212,205,218,216,209,189,216,216,216,216,216,193,216,193,216,215,204,202,256,187,430,368,733,0,785,662,852,0,625,275,426,259,564,487,655,285,279,280,288,284,314,314,388,404,406,286,816,812,780,768,800,743,953,926,848,820,29983,29984,29984,29985,29985,120,29986,29987,29987,29988,29988,29989]} 1. c4 g6 2. g3 Bg7 3. Bg2 Nf6 4. Nc3 O-O 5. e4 d6 6. Nge2 c6 7. O-O e5 8. d4 Nbd7 9. d5 Qc7 {E72: King's Indian: 4 e4 d6 5 g3} (9... cxd5 10. Nxd5 Nxd5 11. Qxd5 Nc5 12. b3 Be6 13. Qd2 a6 14. Rd1 b5 15. cxb5 axb5 16. Bb2 Ra6 17. Nc3 b4 18. Nb5 Qa5 19. Qe2 Rd8 20. Rac1 Qb6 21. Ba1 Ra5 22. Bf1 h5 23. Qe3 Rxa2 24. Bc4 Kh7 {0-1 (24) Brunello,S (2547)-Rombaldoni,A (2425) Bratto 2009}) 10. h3 a6 11. Be3 Rb8 $146 {White is slightly better.} ({Predecessor:} 11... c5 12. Qd2 {1-0 (34) Ortega Lopez,M (1991)-Garjon Modrego,M (1896) Navarra 2012}) 12. Qd2 c5 (12... cxd5 $14 13. Nxd5 (13. cxd5 b5 $14) 13... Nxd5 14. cxd5 Ra8) 13. a3 (13. a4 $16) 13... b5 14. cxb5 c4 15. a4 Nc5 16. Ra3 Bd7 (16... Nb3 $14 17. Qc2 Nd7) 17. b4 (17. bxa6 $1 $18 Nxa6 18. Nb5 $1 {[%mdl 512]} Bxb5 19. axb5) 17... cxb3 $14 {[%cal Ra6b5]} 18. Bxc5 Qxc5 19. Rxb3 Rb7 20. Rfb1 Rfb8 {[%cal Ra6b5]} 21. Nc1 axb5 22. Nd3 Qc8 23. Nxb5 Bxb5 24. axb5 ({White should try} 24. Rxb5 $16 Rxb5 25. Rxb5) 24... Bf8 25. Kh2 Nd7 ({Black should play} 25... Qe8 $14) 26. Bf1 $36 {[%mdl 2048] White is in control.} Nc5 (26... Be7 $16 {was worth a try.} 27. R3b2 Ra8) 27. Nxc5 $18 Qxc5 28. Rc3 Qa7 29. Rbc1 Kg7 30. Rc6 Qa4 31. Qe3 Be7 32. h4 h5 33. Be2 Qb4 34. Ra1 Bd8 35. Raa6 Bc7 36. Kg2 Kf8 $2 (36... Qe1 37. Qf3 Kg8) 37. Rc4 Qb2 $2 (37... Qe1 38. Rc1 Qb4) 38. Rcc6 $2 (38. Qh6+ $18 Kg8 39. Bxh5 $1 {[%mdl 512]} gxh5 40. Rac6 (40. Qxh5 Bb6 $18)) 38... Ke7 $2 {[%mdl 8192]} (38... Qb4 $11 39. Ra7 Bd8 40. Rxb7 Rxb7) 39. Qg5+ Ke8 {[#]} 40. Qe3 $2 (40. Bxh5 $1 $18 {[%mdl 512]} Bd8 (40... gxh5 41. Qg8+) 41. Qh6 gxh5 42. Qh8+ Ke7 43. Rxd6) 40... Qb4 $2 {[%mdl 8192]} (40... Ke7 $11 41. Bd3 Ke8) 41. Bc4 (41. Qc1 $142 Bd8 42. Rxd6) 41... Qb2 (41... Kf8 $142 42. Ra7 Bd8 43. Qh6+ Ke7) 42. Bf1 Qb4 $2 (42... Kf8 {is more resistant.} 43. Bd3 Kg7) 43. Kg1 Qd4 {and the idea ...Qxe3 leaves Black hopeful.} 44. Qxd4 (44. Qc1 $142 Bb6 45. Qc2 (45. Rc8+ Ke7 $16)) 44... exd4 45. Bc4 Kd7 46. Kf1 f6 47. Ke2 Bb6 48. f4 Bc5 49. Kf3 Rxb5 $2 (49... Rb6 50. e5 f5) 50. Bxb5 Rxb5 {[%mdl 4096] Endgame KRR-KRB} 51. e5 {e6+ would kill now.} fxe5 52. fxe5 Rb3+ 53. Kg2 Rb2+ 54. Kh3 d3 55. e6+ Ke7 56. Rc7+ Kf6 57. Rf7+ Ke5 58. e7 {White mates.} Rb8 59. Rf8 d2 60. Ra1 {Accuracy: White = 56%, Black = 27%.} 1-0

[Event "XIX Najdorf Memorial 2019"]
[Site "Warsaw"]
[Date "2019.07.08"]
[Round "3.31"]
[White "Bednarek, Sylwester"]
[Black "Milikow, Elie"]
[Result "1-0"]
[WhiteElo "2291"]
[BlackElo "2129"]
[Annotator "NA"]
[PlyCount "77"]
[EventDate "2019.07.06"]
[EventType "swiss"]
[EventCountry "POL"]
[SourceTitle "playchess.com"]
[Source "ChessBase"]
[SourceQuality "1"]
[TimeControl "40/5400+30:1800+30"]

1. d4 {[%emt 0:14:58]} Nf6 {[%emt 0:00:00]} 2. Bg5 {[%emt 0:00:39]} d5 {[%emt 0:00:00]} 3. Bxf6 {[%emt 0:00:07]} gxf6 {[%emt 0:00:00]} 4. c4 {[%emt 0:00:08]} dxc4 {[%emt 0:00:04]} 5. e3 {[%emt 0:00:07]} c5 {[%emt 0:00:11]} 6. d5 {[%emt 0:00:18]} Nd7 {[%emt 0:00:06]} 7. Bxc4 {[%emt 0:00:27]} Rg8 {[%emt 0:00:20]} 8. g3 {[%emt 0:00:56]} Nb6 {[%emt 0:00:05]} 9. Bb5+ {[%emt 0:07:47]} Bd7 {[%emt 0:00:05]} 10. Be2 {[%emt 0:00:15]} Qc7 {[%emt 0:05:06]} 11. Nc3 {[%emt 0:00:22]} O-O-O {[%emt 0:00:40]} 12. Qc2 {[%emt 0:06:21]} f5 {[%emt 0:04:21]} 13. Nh3 {[%emt 0:12:39]} Bg7 {[%emt 0:01:34]} 14. Nf4 {[%emt 0:00:16]} Kb8 {[%emt 0:07:24]} 15. a4 {[%emt 0:01:13]} Nc8 {[%emt 0:00:53]} 16. O-O {[%emt 0:00:55]} Bh6 {[%emt 0:02:17]} 17. Kh1 {[%emt 0:01:54]} Qd6 {[%emt 0:12:50]} 18. Bf3 {[%emt 0:03:25]} e5 {[%emt 0:06:45]} 19. dxe6 {[%emt 0:00:17]} Bc6 {[%emt 0:00:08]} 20. Qe2 {[%emt 0:03:35]} fxe6 {[%emt 0:07:59]} 21. Rfd1 {[%emt 0:03:20]} Bxf3+ {[%emt 0:00:27]} 22. Qxf3 {[%emt 0:00:03]} Qe7 {[%emt 0:01:24]} 23. a5 {[%emt 0:05:06]} a6 {[%emt 0:03:24]} 24. Na4 {[%emt 0:02:44]} c4 {[%emt 0:12:00]} 25. Rac1 {[%emt 0:06:39]} Rxd1+ {[%emt 0:04:23]} 26. Rxd1 {[%emt 0:01:45]} Qb4 {[%emt 0:03:47]} 27. Nc3 {[%emt 0:00:13]} Qe7 {[%emt 0:06:44]} 28. e4 {[%emt 0:05:38]} Bxf4 {[%emt 0:06:28]} 29. Qxf4+ {[%emt 0:00:09]} e5 {[%emt 0:00:12]} 30. Qd2 {[%emt 0:01:55]} f4 {[%emt 0:01:28]} 31. Qd5 {[%emt 0:00:57]} Qg7 {[%emt 0:03:32]} 32. Qe6 {[%emt 0:00:57]} Qg5 {[%emt 0:03:59]} 33. h4 {[%emt 0:05:54]} Qg4 {[%emt 0:05:19]} 34. Qxe5+ {[%emt 0:00:07]} Ka8 {[%emt 0:00:02]} 35. Qxf4 {[%emt 0:00:11]} Qg7 {[%emt 0:01:16]} 36. Rd5 Ne7 {[%emt 0:00:12]} 37. Rd7 {[%emt 0:03:32]} Rb8 {[%emt 0:01:09]} 38. Nd5 {[%emt 0:00:41]} Nxd5 {[%emt 0:00:07]} 39. Qxb8+ {[%emt 0:00:08]} 1-0

[Event "XIX Najdorf Memorial 2019"]
[Site "Warsaw"]
[Date "2019.07.08"]
[Round "3.32"]
[White "Czopor, Maciej"]
[Black "Parol, Pola"]
[Result "1-0"]
[WhiteElo "2250"]
[BlackElo "2064"]
[Annotator "NA"]
[PlyCount "139"]
[EventDate "2019.07.06"]
[EventType "swiss"]
[EventCountry "POL"]
[SourceTitle "playchess.com"]
[Source "ChessBase"]
[SourceQuality "1"]
[TimeControl "40/5400+30:1800+30"]

1. e4 {[%emt 0:00:00]} c5 {[%emt 0:00:00]} 2. Nf3 {[%emt 0:00:00]} d6 {[%emt 0:00:00]} 3. d4 {[%emt 0:00:00]} cxd4 {[%emt 0:00:00]} 4. Nxd4 {[%emt 0:00:00]} Nf6 {[%emt 0:00:00]} 5. Nc3 {[%emt 0:00:00]} a6 {[%emt 0:00:04]} 6. Be3 {[%emt 0:00:07]} e5 {[%emt 0:00:16]} 7. Nb3 {[%emt 0:00:08]} Be6 {[%emt 0:00:07]} 8. Qd2 {[%emt 0:00:11]} Be7 {[%emt 0:04:23]} 9. f4 {[%emt 0:01:04]} Ng4 {[%emt 0:02:46]} 10. f5 {[%emt 0:02:22]} Bxb3 {[%emt 0:06:50]} 11. axb3 {[%emt 0:00:16]} Nxe3 {[%emt 0:00:28]} 12. Qxe3 {[%emt 0:00:01]} Nd7 {[%emt 0:06:45]} 13. Bc4 {[%emt 0:10:16]} Bg5 {[%emt 0:10:52]} 14. Qe2 {[%emt 0:05:42]} Rc8 {[%emt 0:06:02]} 15. Bd5 {[%emt 0:09:56]} Rc7 {[%emt 0:04:09]} 16. O-O {[%emt 0:02:52]} O-O {[%emt 0:00:56]} 17. Rfd1 {[%emt 0:02:56]} Qc8 {[%emt 0:02:53]} 18. Rd3 {[%emt 0:04:54]} Nf6 {[%emt 0:05:40]} 19. Rad1 {[%emt 0:09:45]} b5 {[%emt 0:03:52]} 20. b4 {[%emt 0:05:00]} Nxd5 {[%emt 0:03:29]} 21. Rxd5 {[%emt 0:09:57]} Rc4 {[%emt 0:01:33]} 22. R1d3 {[%emt 0:06:23]} Rxb4 {[%emt 0:05:51]} 23. b3 {[%emt 0:01:06]} Rd4 {[%emt 0:02:02]} 24. R5xd4 {[%emt 0:03:16]} exd4 {[%emt 0:02:32]} 25. Nd5 {[%emt 0:00:24]} Re8 {[%emt 0:04:36]} 26. Rg3 {[%emt 0:03:30]} h6 {[%emt 0:03:38]} 27. Qd3 {[%emt 0:01:53]} Kh8 {[%emt 0:01:47]} 28. Kf1 {[%emt 0:07:40]} Re5 {[%emt 0:05:55]} 29. Rg4 {[%emt 0:01:37]} g6 {[%emt 0:02:47]} 30. Rxg5 {[%emt 0:04:47]} hxg5 {[%emt 0:06:12]} 31. Qh3+ {[%emt 0:00:12]} Kg8 {[%emt 0:00:51]} 32. Nf6+ {[%emt 0:00:28]} Kg7 {[%emt 0:01:13]} 33. Ng4 {[%emt 0:01:20]} Qh8 {[%emt 0:01:53]} 34. f6+ {[%emt 0:01:14]} Kg8 {[%emt 0:00:17]} 35. Nh6+ {[%emt 0:00:27]} Kf8 {[%emt 0:00:18]} 36. Qd7 {[%emt 0:00:51]} Qxh6 {[%emt 0:01:59]} 37. Qxd6+ {[%emt 0:00:16]} Kg8 {[%emt 0:00:40]} 38. Qxe5 {[%emt 0:00:24]} Qf8 {[%emt 0:00:44]} 39. Qxd4 {[%emt 0:02:40]} Qb8 {[%emt 0:01:56]} 40. e5 {[%emt 0:00:00]} Qc8 {[%emt 0:00:00]} 41. Qe4 {[%emt 0:07:45]} Kh7 {[%emt 0:06:00]} 42. Qd3 {[%emt 0:04:35]} g4 {[%emt 0:03:09]} 43. h3 {[%emt 0:06:39]} Qe6 {[%emt 0:02:44]} 44. Qe3 {[%emt 0:07:23]} Qf5+ {[%emt 0:01:08]} 45. Kg1 {[%emt 0:00:15]} Qxc2 {[%emt 0:01:09]} 46. e6 {[%emt 0:03:11]} Qd1+ {[%emt 0:03:21]} 47. Kf2 {[%emt 0:00:19]} g3+ {[%emt 0:01:34]} 48. Kxg3 {[%emt 0:01:51]} Qd6+ {[%emt 0:00:19]} 49. Kg4 {[%emt 0:04:33]} Qd1+ {[%emt 0:07:29]} 50. Kg3 {[%emt 0:02:17]} Qd6+ {[%emt 0:00:31]} 51. Kh4 {[%emt 0:00:27]} Qxe6 {[%emt 0:02:00]} 52. Qxe6 {[%emt 0:00:05]} fxe6 {[%emt 0:00:02]} 53. b4 {[%emt 0:00:28]} e5 {[%emt 0:02:26]} 54. g4 {[%emt 0:01:59]} Kg8 {[%emt 0:03:00]} 55. g5 {[%emt 0:00:12]} Kf7 {[%emt 0:02:12]} 56. Kg3 {[%emt 0:00:13]} Ke6 {[%emt 0:01:34]} 57. Kf3 {[%emt 0:00:17]} a5 {[%emt 0:00:28]} 58. bxa5 {[%emt 0:00:24]} b4 {[%emt 0:00:03]} 59. a6 {[%emt 0:01:37]} b3 {[%emt 0:00:04]} 60. a7 {[%emt 0:00:04]} b2 {[%emt 0:00:04]} 61. a8=Q {[%emt 0:00:12]} b1=Q {[%emt 0:00:07]} 62. Qc8+ {[%emt 0:00:41]} Kd6 {[%emt 0:01:05]} 63. Qa6+ {[%emt 0:00:47]} Kd5 {[%emt 0:01:49]} 64. f7 {[%emt 0:01:12]} e4+ {[%emt 0:00:51]} 65. Kf2 {[%emt 0:00:30]} Qc2+ {[%emt 0:01:24]} 66. Qe2 {[%emt 0:00:13]} Qc5+ {[%emt 0:00:22]} 67. Kg2 {[%emt 0:00:27]} Qe7 {[%emt 0:00:34]} 68. Qb5+ {[%emt 0:00:30]} Ke6 {[%emt 0:01:00]} 69. Qe8 {[%emt 0:00:21]} e3 {[%emt 0:00:52]} 70. f8=Q {[%emt 0:00:12]} 1-0

[Event "XIX Najdorf Memorial 2019"]
[Site "Warsaw"]
[Date "2019.07.09"]
[Round "4.1"]
[White "Heberla, Bartlomiej"]
[Black "Salem, A.R. Saleh"]
[Result "1/2-1/2"]
[WhiteElo "2534"]
[BlackElo "2672"]
[Annotator "TA"]
[PlyCount "111"]
[EventDate "2019.07.06"]
[EventType "swiss"]
[EventCountry "POL"]
[SourceTitle "playchess.com"]
[Source "ChessBase"]
[SourceQuality "1"]

{[%evp 11,111,7,7,13,22,14,23,-12,13,6,26,6,23,-23,-32,-35,-30,-39,8,-33,-17,-12,0,0,0,0,0,0,0,0,0,0,0,0,0,-8,-8,-8,-10,-10,-15,-2,-7,-4,0,-7,-8,-23,-23,-20,-16,-15,0,-17,-17,-39,-39,-40,-35,-50,-42,-80,-27,-44,-8,-8,0,0,0,0,0,0,0,0,0,0,0,-8,-8,-8,-8,-8,0,-8,0,-8,-8,-8,-8,-8,-8,-8,-8,-8,-8,-8,-8,-8,-8,-8,-8,-8]} 1. e4 c5 2. Nf3 Nc6 3. Nc3 g6 4. d4 cxd4 5. Nxd4 Bg7 6. Nb3 d6 7. Be2 {B34: Sicilian: Accelerated Dragon with 5 Nc3: sidelines} Bxc3+ 8. bxc3 Nf6 9. f3 {White has an edge.} d5 (9... O-O 10. Bg5 Qc7 11. O-O Rd8 12. Qd2 Be6 13. Nd4 Nxd4 14. cxd4 Bc4 {½-½ (37) Smirin,I (2674)-Grischuk,A (2751) Novi Sad 2016}) 10. exd5 Qxd5 11. O-O $146 ({Predecessor:} 11. Qxd5 Nxd5 12. Nd4 Bd7 13. Nxc6 Bxc6 14. c4 Nb4 {0-1 (37) Trygstad,K (2297)-Danielsen,H (2514) Oslo 2010}) 11... O-O 12. Qxd5 (12. c4 {keeps more tension.} Qe5 13. Re1 Rd8 14. Bd3 Qc7 15. Qe2) 12... Nxd5 13. c4 Nc3 14. Bd3 Na4 15. Ba3 Be6 16. Rfe1 Rfe8 17. Be4 Rac8 18. Bd5 Nd8 19. Nd4 {[%cal Rd4e6]} Nb6 20. Nxe6 fxe6 21. Bxe6+ Nxe6 22. Rxe6 Rxc4 23. Rae1 Rxc2 24. Rxe7 Rxe7 25. Rxe7 $11 {[%mdl 4096] Endgame KRB-KRN} Nc4 26. Bc5 b6 27. Bd4 Rd2 28. Bf6 Rxa2 29. Rg7+ Kf8 30. Rxh7 Ne3 31. g4 Rg2+ 32. Kh1 {[#]} Rf2 $1 {[%cal Rf2f1][%mdl 512]} 33. h3 Rxf3 34. Bd4 Nc2 35. Be5 a5 36. Rc7 Ne3 (36... Ne1 $17 37. Kg1 Rxh3 38. Bd6+ Kg8) 37. Kh2 a4 (37... Nd5 $5 {[%cal Rd5c7]} 38. Rc6 Kf7 $17) 38. Ra7 {The position is equal.} b5 {Hoping for ...Nc4.} 39. Rb7 Nc4 40. Rxb5 a3 41. Rc5 Nd2 42. Kg2 {[#] Strongly threatening Rd5.} Re3 {aiming for ...a2.} 43. Bd6+ Ke8 {And now ...a2 would win.} 44. Re5+ Rxe5 45. Bxe5 {KB-KN} Kf7 {White must now prevent ...Ke6.} 46. h4 Kg8 47. Kg3 Kh7 48. g5 a2 49. Kg4 Nc4 50. Ba1 Ne3+ 51. Kf4 Nc2 52. Bb2 Kg8 53. h5 gxh5 54. g6 $1 a1=B 55. Bxa1 Nxa1 56. Kg5 {Accuracy: White = 72%, Black = 52%.} 1/2-1/2

[Event "XIX Najdorf Memorial 2019"]
[Site "Warsaw"]
[Date "2019.07.09"]
[Round "4.1"]
[White "Miroshnichenko, Pavel"]
[Black "Kanarek, Marcel"]
[Result "1/2-1/2"]
[WhiteElo "2300"]
[BlackElo "2493"]
[Annotator "ChessBase"]
[PlyCount "64"]
[EventDate "2019.07.06"]
[EventType "swiss"]
[EventCountry "POL"]
[SourceTitle "playchess.com"]
[Source "ChessBase"]
[SourceQuality "1"]
[TimeControl "40/5400+30:1800+30"]

1. d4 {[%emt 0:00:14]} Nf6 {[%emt 0:00:00]} 2. c4 {[%emt 0:00:08]} g6 {[%emt 0:00:01]} 3. Nc3 {[%emt 0:00:07]} Bg7 {[%emt 0:00:03]} 4. e4 {[%emt 0:00:06]} d6 {[%emt 0:00:03]} 5. Be2 {[%emt 0:00:07]} O-O {[%emt 0:00:08]} 6. Be3 {[%emt 0:00:05]} c5 {[%emt 0:01:23]} 7. d5 {[%emt 0:00:22]} e6 {[%emt 0:00:05]} 8. Nf3 {[%emt 0:00:18]} exd5 {[%emt 0:00:06]} 9. cxd5 {[%emt 0:00:07]} Bg4 {[%emt 0:00:38]} 10. Nd2 {[%emt 0:00:41]} Bxe2 {[%emt 0:00:30]} 11. Qxe2 {[%emt 0:00:05]} Re8 {[%emt 0:01:00]} 12. O-O {[%emt 0:00:13]} Na6 {[%emt 0:00:48]} 13. Rab1 {[%emt 0:00:19]} Qd7 {[%emt 0:07:49]} 14. h3 {[%emt 0:09:39]} Rab8 {[%emt 0:03:03]} 15. a3 {[%emt 0:01:59]} b5 {[%emt 0:16:20]} 16. Rfc1 {[%emt 0:06:06]} Nxe4 {[%emt 0:11:04]} 17. Ndxe4 {[%emt 0:29:57]} f5 {[%emt 0:00:13]} 18. Nxb5 {[%emt 0:00:53]} fxe4 {[%emt 0:03:55]} 19. Nc3 {[%emt 0:00:20]} Nc7 {[%emt 0:00:35]} 20. Qc4 {[%emt 0:03:46]} Qf5 {[%emt 0:10:04]} 21. b4 {[%emt 0:06:45]} Bxc3 {[%emt 0:05:38]} 22. Rxc3 {[%emt 0:00:17]} Qxd5 {[%emt 0:03:44]} 23. Rd1 {[%emt 0:00:16]} Qxc4 {[%emt 0:05:20]} 24. Rxc4 {[%emt 0:00:05]} Nb5 {[%emt 0:00:27]} 25. bxc5 {[%emt 0:01:04]} Nxa3 {[%emt 0:03:58]} 26. Rcc1 {[%emt 0:03:58]} dxc5 {[%emt 0:00:45]} 27. Rxc5 {[%emt 0:01:10]} Rb7 {[%emt 0:04:32]} 28. Ra1 {[%emt 0:04:24]} Nb5 {[%emt 0:02:21]} 29. Ra5 {[%emt 0:01:45]} Nd6 {[%emt 0:03:18]} 30. Rc6 {[%emt 0:01:01]} Nb5 {[%emt 0:02:01]} 31. Rc5 {[%emt 0:02:47]} Nd6 {[%emt 0:01:45]} 32. Rc6 {[%emt 0:01:50]} Nb5 {[%emt 0:03:59]} 1/2-1/2

[Event "XIX Najdorf Memorial 2019"]
[Site "Warsaw"]
[Date "2019.07.09"]
[Round "4.2"]
[White "Popovic, Dusan"]
[Black "Punin, Andrii"]
[Result "1-0"]
[WhiteElo "2487"]
[BlackElo "2305"]
[Annotator "ChessBase"]
[PlyCount "89"]
[EventDate "2019.07.06"]
[EventType "swiss"]
[EventCountry "POL"]
[SourceTitle "playchess.com"]
[Source "ChessBase"]
[SourceQuality "1"]
[TimeControl "40/5400+30:1800+30"]

1. d4 Nf6 2. Nf3 d5 3. Bf4 c5 4. e3 Nc6 5. Nbd2 cxd4 6. exd4 Bf5 7. Bb5 a6 8. Bxc6+ bxc6 9. O-O e6 10. Ne5 Nd7 11. c4 Nxe5 12. Bxe5 f6 13. Bg3 Bb4 14. c5 Bxd2 15. Qxd2 O-O 16. b4 Rf7 17. a4 Rb7 18. Ra2 Qe8 19. Rc1 h6 20. Rb2 Rba7 21. h3 Rc8 22. Rb3 Kh7 23. Re1 Rb7 24. Qe2 Ra8 25. Bd6 Qg6 26. Rg3 Qf7 27. Qd2 h5 28. Rb3 Qe8 29. Qe2 Qg6 30. Kh2 Be4 31. Rg1 Bc2 32. Rg3 Qf5 33. Rf3 Qg6 34. Rg3 Qf5 35. Rf3 Qg6 36. g4 h4 37. Rf4 Rxb4 38. g5 fxg5 39. Rfg4 Qd3 40. Qxe6 Qf5 41. Qe7 Rb3 42. Be5 Rg8 43. Rxh4+ Kg6 44. Rxg5+ Qxg5 45. Qe6+ 1-0